University Home | Library Home | Institutional Repository

Final report : (Record no. 216488)

MARC details
000 -LEADER
fixed length control field 00535nam a22001577a 4500
005 - DATE AND TIME OF LATEST TRANSACTION
control field 20260327120123.0
008 - FIXED-LENGTH DATA ELEMENTS--GENERAL INFORMATION
fixed length control field 260326b ||||| |||| 00| 0 eng d
040 ## - CATALOGING SOURCE
Original cataloging agency LC
Transcribing agency UNZA
Modifying agency UNZA
Description conventions RDA
099 ## - LOCAL FREE-TEXT CALL NUMBER (OCLC)
Classification number GOV.ZAM (02) 2025
110 ## - MAIN ENTRY--CORPORATE NAME
Corporate name or jurisdiction name as entry element The National Assembly of Zambia
245 ## - TITLE STATEMENT
Title Final report :
Remainder of title Audit of gender related legislation /
Statement of responsibility, etc. The National Assembly of Zambia
260 ## - PUBLICATION, DISTRIBUTION, ETC.
Place of publication, distribution, etc. Lusaka :
Name of publisher, distributor, etc. The National Assembly of Zambia
Date of publication, distribution, etc. 2025.
300 ## - PHYSICAL DESCRIPTION
Extent 74 pages :
650 ## - SUBJECT ADDED ENTRY--TOPICAL TERM
Topical term or geographic name entry element Gender identity
General subdivision Legislation
Geographic subdivision Zambia.
999 ## -
-- 216488
-- 216488
942 ## - ADDED ENTRY ELEMENTS (KOHA)
Koha item type Government Publications
Holdings
Withdrawn status Lost status Source of classification or shelving scheme Damaged status Not for loan Home library Current library Shelving location Date acquired Total Checkouts Full call number Barcode Date last seen Copy number Price effective from Koha item type
    Library of Congress Classification     Main Library Main Library Special collections 03/26/2026   GOV.ZAM (02) 2025 33729006798255 03/26/2026 C.1 03/26/2026 Government Publications
© 2026 - The University of Zambia Library - Koha v25.11